| 000 | 00672cab a22002055a 4500 | ||
|---|---|---|---|
| 001 | L154723 | ||
| 008 | 120116e20120114xxk 000 0 eng d | ||
| 035 | _a(Sirsi) u154723 | ||
| 041 | 0 | _aeng | |
| 100 | 1 | _aGallimore, Michael | |
| 245 | 0 | 0 | _aPlanning for localism |
| 260 | _c2012 | ||
| 490 |
_aEstates Gazette _v(1202) 14 January 2012, 60-62(3) |
||
| 520 | _aConsiders the practical implications for the development industry of the planning provisions within the Localism Act 2011 including the neighbourhood planning process. | ||
| 590 | _aKA | ||
| 650 | 2 | 4 | _aLOCALISM ACT 2011 |
| 651 | 4 |
_aEngland _y886- |
|
| 690 |
_aPlanning and development _96259 |
||
| 942 | _n0 | ||
| 999 |
_c83715 _d83715 |
||